export_success — 

The Currency of Truth : Newsmaking and the Late-Socialist Imaginaries of China's Digital Era.

Bibliographic Details
Main Author: Chua, Emily H. C.
Format: eBook
Language:English
Published: Ann Arbor : University of Michigan Press, 2023.
Edition:1st ed.
Series:China Understandings Today Series
Subjects:
Online Access:Click to View
LEADER 01906nam a22003973i 4500
001 EBC30393716
003 MiAaPQ
005 20231204023230.0
006 m o d |
007 cr cnu||||||||
008 231204s2023 xx o ||||0 eng d
020 |a 9780472903276  |q (electronic bk.) 
020 |z 9780472055951 
035 |a (MiAaPQ)EBC30393716 
035 |a (Au-PeEL)EBL30393716 
035 |a (OCoLC)1369573710 
040 |a MiAaPQ  |b eng  |e rda  |e pn  |c MiAaPQ  |d MiAaPQ 
082 0 |a 079.51 
100 1 |a Chua, Emily H. C. 
245 1 4 |a The Currency of Truth :  |b Newsmaking and the Late-Socialist Imaginaries of China's Digital Era. 
250 |a 1st ed. 
264 1 |a Ann Arbor :  |b University of Michigan Press,  |c 2023. 
264 4 |c Ã2023. 
300 |a 1 online resource (187 pages) 
336 |a text  |b txt  |2 rdacontent 
337 |a computer  |b c  |2 rdamedia 
338 |a online resource  |b cr  |2 rdacarrier 
490 1 |a China Understandings Today Series 
505 0 |a Intro -- Contents -- Acknowledgments -- Preface -- Chapter 1. Introduction -- Chapter 2. A Contested Medium -- Chapter 3. From Propaganda to Publicness -- Chapter 4. An Ethic of Efficacy -- Chapter 5. News as Currency -- Chapter 6. The Newsmakers' Jianghu -- Epilogue -- Notes -- Bibliography -- Index. 
588 |a Description based on publisher supplied metadata and other sources. 
590 |a Electronic reproduction. Ann Arbor, Michigan : ProQuest Ebook Central, 2023. Available via World Wide Web. Access may be limited to ProQuest Ebook Central affiliated libraries.  
655 4 |a Electronic books. 
776 0 8 |i Print version:  |a Chua, Emily H. C.  |t The Currency of Truth  |d Ann Arbor : University of Michigan Press,c2023  |z 9780472055951 
797 2 |a ProQuest (Firm) 
830 0 |a China Understandings Today Series 
856 4 0 |u https://ebookcentral.proquest.com/lib/matrademy/detail.action?docID=30393716  |z Click to View